Es gibt mindestens 10... - Sudden Death - Statistiken

Allgemein
  • Dieses Quiz wurde 874 mal gespielt
  • Das Durchschnittsergebnis liegt bei 4 aus 21
Answers on the Grid
Answers color-coded by a green-red scale on the quiz's grid according to % correct below.
...Länder, die mit dem Buchstaben S beginnen
...Länder, die an Brasilien grenzen
...Berge über 8000 Meter über dem Meeresspiegel
...Länder, die von der Donau durchquert werden
...Fußballer in einer Fußballmannschaft
...Sternzeichen
...Hirnnerven
...Zoll in einem Meter
...James Bond-Filme
...Fußballer, die mindestens 2 Ballon d'Or gewonnen haben
...Länder, die mindestens 100 Medaillen bei den Olympischen Spielen gewonnen haben
...Chromosomen in einer menschlichen Zelle
...Länder, die Mitglieder der OPEC sind
...Staaten in den Vereinigten Staaten, die an den Atlantik grenzen
...Knochen in einem Fuß
...Gramm in einem Mol Wasser
...Päpste mit einem Pontifikat von mindestens 20 Jahren
...Zeitzonen in Russland
...Apostel von Jesus
...Konsonanten im lateinischen Alphabet
...Flächen in einem Ikosaeder
...englische Mannschaften, die die Champions League gewonnen haben
...natürliche Satelliten der Venus
...Gründungsländer der Europäischen Union
...Seen, die größer sind als das Kaspische Meer
...Bücher der "Game of Thrones"-Saga
...Länder mit mehr Einwohnern als Bangladesch
...Kontinente
...Tage in einer Woche
...Nobelpreiskategorien
...Planeten im Sonnensystem
...Länder, die die Fußballweltmeisterschaft gewonnen haben
...Länder, die Atomwaffen besitzen
...Edelgase
...Teiler der Zahl 100
...Sterne auf der Flagge von Bosnien und Herzegowina
...Seiten in einem Neuneck
...Hauptstädte, die weiter nördlich als Minsk liegen
...Beine einer Spinne
...Wochen in 2 Monaten
...Schaltjahre in 30 Jahren
...Städte mit mehr als 20 Millionen Einwohnern in China
 
Antwortstatistiken
Antwort % Korrekt
...Fußballer in einer Fußballmannschaft
43%
...Sternzeichen
38%
...Länder, die mit dem Buchstaben S beginnen
34%
...Apostel von Jesus
32%
...James Bond-Filme
31%
...Chromosomen in einer menschlichen Zelle
23%
...Knochen in einem Fuß
23%
...Hirnnerven
20%
...Konsonanten im lateinischen Alphabet
19%
...Staaten in den Vereinigten Staaten, die an den Atlantik grenzen
19%
...Zeitzonen in Russland
16%
...Zoll in einem Meter
14%
...Berge über 8000 Meter über dem Meeresspiegel
13%
...Länder, die von der Donau durchquert werden
13%
...Länder, die mindestens 100 Medaillen bei den Olympischen Spielen gewonnen haben
12%
...Länder, die Mitglieder der OPEC sind
12%
...Flächen in einem Ikosaeder
10%
...Päpste mit einem Pontifikat von mindestens 20 Jahren
10%
...Fußballer, die mindestens 2 Ballon d'Or gewonnen haben
9%
...Länder, die an Brasilien grenzen
8%
...Gramm in einem Mol Wasser
7%
Keine übereinstimmenden Quizze gefunden
Verteilung der Resultate
Anzahl Personen mit jedem Resultat
Perzentil nach korrekt beantworteten Fragen
Ihre Resultats-Entwicklung
Sie haben dieses Quiz noch nicht gespielt